[Event "Liga Madrileña - DH 2017-2018"]
[Site "Madrid ESP"]
[Date "2018.01.21"]
[Round "6.26"]
[White "Unciti Juan, Javier"]
[Black "Rodrigo Yanguas, Maria"]
[Result "0-1"]
[WhiteElo "2018"]
[BlackElo "2071"]
[PlyCount "110"]
[EventDate "2017.11.19"]
[EventType "team-tourn"]
[EventRounds "14"]
[EventCountry "ESP"]
[SourceTitle "Ajedrez en Madrid"]
[Source "lmi"]
[SourceDate "2017.11.19"]
[WhiteTeam "La Casa del Ajedrez"]
[BlackTeam "Virgen de Atocha"]
[WhiteTeamCountry "ESP"]
[BlackTeamCountry "ESP"]

1. e4 c5 2. Nf3 Nc6 3. d4 cxd4 4. Nxd4 Nf6 5. Nc3 d6 6. h3 e5 7. Nf3 Be7 8. Bc4
O-O 9. Bg5 Na5 10. Bd3 Be6 11. O-O Rc8 12. Bxf6 Bxf6 13. Nd5 Bxd5 14. exd5 Nc4
15. Rb1 g6 16. Qe2 Nb6 17. Qd2 Bg7 18. Rfd1 Rc5 19. Qb4 f5 20. Bf1 Rxc2 21. a4
Qe7 22. a5 Na8 23. Bc4 Rc8 24. b3 e4 25. Ne1 Ra2 26. Rd2 Rxd2 27. Qxd2 Nc7 28.
Nc2 Qe5 29. Qb4 Rb8 30. Re1 Kh8 31. Re2 Bh6 32. Ne3 Bf4 33. Kf1 Qd4 34. Rd2
Qa1+ 35. Rd1 Qe5 36. Qd2 Ne8 37. Qb4 Nf6 38. Qd2 Bh6 39. Qd4 Qxd4 40. Rxd4 Nd7
41. Bb5 Ne5 42. Rb4 Bxe3 43. fxe3 Rc8 44. Bc4 Rc7 45. Ke2 Kg7 46. Kd2 g5 47.
Kc3 Nd3 48. Ra4 Ne5 49. Kd4 Kf6 50. Ra1 h5 51. Rh1 Rc5 52. Ra1 Rc7 53. Rf1 g4
54. hxg4 Nxg4 55. b4 Rxc4+ 0-1

[Event "Liga Madrileña - DH 2017-2018"]
[Site "Madrid ESP"]
[Date "2018.01.20"]
[Round "6.31"]
[White "Martinez Reyes, Pedro Ramon"]
[Black "Moreno Trujillo, Alejandro"]
[Result "1/2-1/2"]
[WhiteElo "2414"]
[BlackElo "2493"]
[PlyCount "96"]
[EventDate "2017.11.19"]
[EventType "team-tourn"]
[EventRounds "14"]
[EventCountry "ESP"]
[SourceTitle "Ajedrez en Madrid"]
[Source "lmi"]
[SourceDate "2017.11.19"]
[WhiteTeam "Blanco y Negro"]
[BlackTeam "64 Villalba"]
[WhiteTeamCountry "ESP"]
[BlackTeamCountry "ESP"]

1. e4 e6 2. d4 d5 3. exd5 exd5 4. Bd3 Nc6 5. c3 Bd6 6. Nf3 Nge7 7. Bg5 Bg4 8.
Nbd2 Qd7 9. O-O f6 10. Bh4 Bf5 11. Qc2 Bxd3 12. Qxd3 Nf5 13. Bg3 Nce7 14. Bxd6
Nxd6 15. Rfe1 O-O 16. Re2 Ng6 17. g3 Qf5 18. Qxf5 Nxf5 19. Kf1 Kf7 20. Ne1 a5
21. a4 b6 22. Nd3 Rfc8 23. Nb3 Nd6 24. Rd1 Re8 25. Rxe8 Rxe8 26. Re1 Rd8 27.
Re2 c6 28. f3 Nf8 29. Kf2 Ne6 30. Ke1 g5 31. Kf2 Nc4 32. Nd2 Nxd2 33. Rxd2 c5
34. Nc1 c4 35. Ne2 b5 36. axb5 Rb8 37. Rd1 Rxb5 38. Ra1 Kg6 39. Ra2 f5 40. Ke3
Nd8 41. h3 Nb7 42. Kd2 Rb6 43. Ke3 Re6+ 44. Kf2 Rb6 45. Ke3 Re6+ 46. Kf2 Kf6
47. Ra1 Rb6 48. Ra2 Kg6 1/2-1/2

[Event "Liga Madrileña - DH 2017-2018"]
[Site "Madrid ESP"]
[Date "2018.01.20"]
[Round "6.32"]
[White "Bolado Saez, Sergio"]
[Black "Ruperez Benito, Antonio"]
[Result "1/2-1/2"]
[WhiteElo "2376"]
[BlackElo "2355"]
[PlyCount "46"]
[EventDate "2017.11.19"]
[EventType "team-tourn"]
[EventRounds "14"]
[EventCountry "ESP"]
[SourceTitle "Ajedrez en Madrid"]
[Source "lmi"]
[SourceDate "2017.11.19"]
[WhiteTeam "64 Villalba"]
[BlackTeam "Blanco y Negro"]
[WhiteTeamCountry "ESP"]
[BlackTeamCountry "ESP"]

1. e4 c5 2. Nf3 d6 3. Bb5+ Nd7 4. O-O a6 5. Bd3 g6 6. c3 Bg7 7. Bc2 Ngf6 8. d4
O-O 9. Re1 Qc7 10. Bg5 h6 11. Bh4 e6 12. Nbd2 b5 13. e5 dxe5 14. dxe5 Nd5 15.
c4 bxc4 16. Nxc4 Rb8 17. Bg3 Rd8 18. Qe2 a5 19. Be4 Bb7 20. Rad1 Ne7 21. Bxb7
Rxb7 22. Bf4 Nd5 23. Bd2 Ra8 1/2-1/2

[Event "Liga Madrileña - DH 2017-2018"]
[Site "Madrid ESP"]
[Date "2018.01.20"]
[Round "6.33"]
[White "Taboas Rodriguez, Daniel"]
[Black "Vega Gomez, Francisco Borja"]
[Result "1-0"]
[WhiteElo "2361"]
[BlackElo "2281"]
[PlyCount "147"]
[EventDate "2017.11.19"]
[EventType "team-tourn"]
[EventRounds "14"]
[EventCountry "ESP"]
[SourceTitle "Ajedrez en Madrid"]
[Source "lmi"]
[SourceDate "2017.11.19"]
[WhiteTeam "Blanco y Negro"]
[BlackTeam "64 Villalba"]
[WhiteTeamCountry "ESP"]
[BlackTeamCountry "ESP"]

1. d4 Nf6 2. Nf3 e6 3. c4 c5 4. e3 d5 5. Nc3 Be7 6. dxc5 O-O 7. cxd5 exd5 8. a3
Bxc5 9. b4 Be7 10. Bb2 Nc6 11. Be2 Be6 12. O-O Rc8 13. Rc1 Bd6 14. Nb5 Bb8 15.
Nbd4 Nxd4 16. Qxd4 Qd6 17. Qh4 Ne4 18. Bd3 Rxc1 19. Rxc1 Qd8 20. Qxd8 Rxd8 21.
Be5 Nd2 22. Bxb8 Nxf3+ 23. gxf3 Rxb8 24. Rc7 Kf8 25. h4 Ke8 26. Kf1 Kd8 27. Rc3
Kd7 28. Ke2 Kd6 29. Kd2 Re8 30. Rc1 h5 31. Rg1 g6 32. f4 Rh8 33. Rg5 Rh6 34.
Kc3 Rh8 35. f5 gxf5 36. Be2 a5 37. bxa5 Rc8+ 38. Kb2 Ra8 39. Rxh5 Ke5 40. Rg5
d4 41. exd4+ Kxd4 42. h5 Rh8 43. Bf3 Ke5 44. Bxb7 Rb8 45. a6 Bd5 46. h6 Bxb7
47. axb7 Kf6 48. f4 Rxb7+ 49. Kc3 Rb8 50. a4 Rh8 51. Rh5 Kg6 52. Rh4 Kh7 53. a5
Rb8 54. Kc4 Rc8+ 55. Kb5 Rb8+ 56. Kc6 Ra8 57. Kb6 Rb8+ 58. Ka7 Rb5 59. a6 Rb4
60. Ka8 Rb6 61. a7 Ra6 62. Rh1 Rb6 63. Rg1 Kxh6 64. Rg8 Rb4 65. Rb8 Rxf4 66.
Kb7 Ra4 67. a8=Q Rxa8 68. Rxa8 f4 69. Kc6 Kg5 70. Kd5 Kg4 71. Rf8 Kf3 72. Ra8
Ke3 73. Ra3+ Ke2 74. Ke4 1-0

[Event "Liga Madrileña - DH 2017-2018"]
[Site "Madrid ESP"]
[Date "2018.01.20"]
[Round "6.34"]
[White "Longa Yauca, Javier"]
[Black "Renteria Becerra, Jorge Elicer"]
[Result "1-0"]
[WhiteElo "2198"]
[BlackElo "2336"]
[PlyCount "83"]
[EventDate "2017.11.19"]
[EventType "team-tourn"]
[EventRounds "14"]
[EventCountry "ESP"]
[SourceTitle "Ajedrez en Madrid"]
[Source "lmi"]
[SourceDate "2017.11.19"]
[WhiteTeam "64 Villalba"]
[BlackTeam "Blanco y Negro"]
[WhiteTeamCountry "ESP"]
[BlackTeamCountry "ESP"]

1. d4 Nf6 2. c4 c5 3. Nf3 cxd4 4. Nxd4 e5 5. Nc2 d5 6. cxd5 Qxd5 7. Qxd5 Nxd5
8. e4 Nb4 9. Nxb4 Bxb4+ 10. Bd2 Bxd2+ 11. Nxd2 Ke7 12. Rc1 Nc6 13. Bc4 Rd8 14.
Nf1 Be6 15. Ne3 Nb4 16. a3 Nd3+ 17. Bxd3 Rxd3 18. Rc7+ Kd6 19. Rc2 Rc8 20. Rxc8
Bxc8 21. Ke2 Rd4 22. Rc1 Be6 23. f3 g6 24. g4 a5 25. g5 a4 26. h4 b5 27. Rc3
Bc4+ 28. Ke1 Ke6 29. Ng4 h5 30. gxh6 Rd8 31. Ne3 Bb3 32. Rc5 Rh8 33. Ng4 Bc4
34. Rxe5+ Kd6 35. Rg5 Be6 36. h5 b4 37. hxg6 fxg6 38. Rxg6 bxa3 39. bxa3 Ke7
40. Kf2 Rb8 41. h7 Bf7 42. Rg7 1-0

[Event "Liga Madrileña - DH 2017-2018"]
[Site "Madrid ESP"]
[Date "2018.01.20"]
[Round "6.35"]
[White "Alarcia Astiz, Carlos"]
[Black "Lopez del Alamo, Antonio"]
[Result "0-1"]
[WhiteElo "2300"]
[BlackElo "2238"]
[PlyCount "80"]
[EventDate "2017.11.19"]
[EventType "team-tourn"]
[EventRounds "14"]
[EventCountry "ESP"]
[SourceTitle "Ajedrez en Madrid"]
[Source "lmi"]
[SourceDate "2017.11.19"]
[WhiteTeam "Blanco y Negro"]
[BlackTeam "64 Villalba"]
[WhiteTeamCountry "ESP"]
[BlackTeamCountry "ESP"]

1. e4 c5 2. Nf3 e6 3. d4 cxd4 4. Nxd4 Nf6 5. Nc3 Nc6 6. Ndb5 d6 7. Bf4 e5 8.
Bg5 a6 9. Na3 b5 10. Bxf6 gxf6 11. Nd5 Bg7 12. c3 Ne7 13. Nxe7 Qxe7 14. Nc2 f5
15. exf5 O-O 16. Ne3 Bb7 17. Nd5 Bxd5 18. Qxd5 Rac8 19. Rd1 Rfd8 20. Be2 Rc5
21. Qd2 e4 22. Qf4 d5 23. O-O Rc6 24. f3 Be5 25. Qg4+ Kh8 26. fxe4 Rh6 27. g3
Rg8 28. Qf3 Qh4 29. Kf2 Qxh2+ 30. Ke1 Rxg3 31. Qf2 Rg2 32. Qe3 Rh3 33. Rf3 Rxf3
34. Qxf3 Bg3+ 35. Kd2 Bf4+ 36. Kd3 Rg3 37. exd5 Rxf3+ 38. Bxf3 Qxb2 39. Ke4 Bd6
40. Rd3 Kg7 0-1

[Event "Liga Madrileña - DH 2017-2018"]
[Site "Madrid ESP"]
[Date "2018.01.20"]
[Round "6.36"]
[White "Veganzonez Rojo, David"]
[Black "Beltran de Heredia Eguiaz, Miguel Angel"]
[Result "1/2-1/2"]
[WhiteElo "2109"]
[BlackElo "2223"]
[PlyCount "54"]
[EventDate "2017.11.19"]
[EventType "team-tourn"]
[EventRounds "14"]
[EventCountry "ESP"]
[SourceTitle "Ajedrez en Madrid"]
[Source "lmi"]
[SourceDate "2017.11.19"]
[WhiteTeam "64 Villalba"]
[BlackTeam "Blanco y Negro"]
[WhiteTeamCountry "ESP"]
[BlackTeamCountry "ESP"]

1. d4 Nf6 2. c4 g6 3. Nc3 Bg7 4. e4 d6 5. Be2 O-O 6. Nf3 e5 7. dxe5 dxe5 8.
Qxd8 Rxd8 9. Bg5 Re8 10. Nd5 Nxd5 11. cxd5 c6 12. Nd2 h6 13. Be3 cxd5 14. exd5
Rd8 15. Rc1 Na6 16. a3 e4 17. b4 Bb2 18. Rb1 Bc3 19. O-O Bxd2 20. Bxd2 Nc7 21.
Rbc1 Nxd5 22. Bxh6 Be6 23. f3 exf3 24. Bxf3 Rac8 25. Rfd1 Rxc1 26. Rxc1 f6 27.
Rd1 Kf7 1/2-1/2

[Event "Liga Madrileña - DH 2017-2018"]
[Site "Madrid ESP"]
[Date "2018.01.21"]
[Round "6.41"]
[White "Vazquez Igarza, Renier"]
[Black "Lianes Garcia, Marcos"]
[Result "1-0"]
[WhiteElo "2565"]
[BlackElo "2306"]
[PlyCount "81"]
[EventDate "2017.11.19"]
[EventType "team-tourn"]
[EventRounds "14"]
[EventCountry "ESP"]
[SourceTitle "Ajedrez en Madrid"]
[Source "lmi"]
[SourceDate "2017.11.19"]
[WhiteTeam "Collado Villalba"]
[BlackTeam "Villaverde"]
[WhiteTeamCountry "ESP"]
[BlackTeamCountry "ESP"]

1. Nf3 Nf6 2. c4 e6 3. Nc3 b6 4. g3 Bb7 5. Bg2 Be7 6. d4 O-O 7. O-O Ne4 8. Bd2
d5 9. cxd5 exd5 10. Rc1 Nd7 11. Bf4 c5 12. dxc5 Ndxc5 13. Be5 Rc8 14. Bh3 Ra8
15. Nb5 Bf6 16. b4 Bxe5 17. Nxe5 Qe8 18. bxc5 Qxe5 19. c6 Ba6 20. Qa4 Bxb5 21.
Qxb5 Nc3 22. Rxc3 Qxc3 23. Qxd5 Rae8 24. e3 Re5 25. Qd7 Rc5 26. Bg2 a5 27. Rd1
g6 28. Bd5 Qe5 29. a4 Qe8 30. Qd6 Kg7 31. e4 Qb8 32. e5 Qxd6 33. exd6 Rd8 34.
Bf3 Kf8 35. c7 Rd7 36. Bb7 Rcxc7 37. dxc7 Rxd1+ 38. Kg2 Rc1 39. c8=Q+ Rxc8 40.
Bxc8 b5 41. axb5 1-0

[Event "Liga Madrileña - DH 2017-2018"]
[Site "Madrid ESP"]
[Date "2018.01.21"]
[Round "6.42"]
[White "Diezma Aganzo, Jose Luis"]
[Black "Gascon del Nogal, Jose Rafael"]
[Result "1-0"]
[WhiteElo "2231"]
[BlackElo "2495"]
[PlyCount "85"]
[EventDate "2017.11.19"]
[EventType "team-tourn"]
[EventRounds "14"]
[EventCountry "ESP"]
[SourceTitle "Ajedrez en Madrid"]
[Source "lmi"]
[SourceDate "2017.11.19"]
[WhiteTeam "Villaverde"]
[BlackTeam "Collado Villalba"]
[WhiteTeamCountry "ESP"]
[BlackTeamCountry "ESP"]

1. e4 c5 2. c3 Nf6 3. e5 Nd5 4. d4 cxd4 5. Nf3 Nc6 6. Bc4 Nb6 7. Bb3 d5 8. exd6
Qxd6 9. O-O Be6 10. Bxe6 Qxe6 11. Nxd4 Nxd4 12. Qxd4 Rd8 13. Qh4 Qe2 14. Bd2 h5
15. h3 Qc4 16. Qg5 Rd5 17. Qg3 Qc8 18. Be3 Nc4 19. Na3 Nxa3 20. bxa3 h4 21. Qf4
e6 22. Qa4+ b5 23. Qxa7 Bd6 24. Rfd1 Bb8 25. Qb6 O-O 26. Rxd5 exd5 27. Bc5 Re8
28. Qxb5 Qe6 29. Be3 Qe5 30. Bf4 Qxf4 31. Qxe8+ Kh7 32. Kf1 Be5 33. Qb5 Qh2 34.
Qd3+ g6 35. Rd1 Qh1+ 36. Ke2 Qxg2 37. Qxd5 Qg5 38. Qxf7+ Kh6 39. Rd5 Qc1 40.
Rxe5 Qc2+ 41. Kf1 Qb1+ 42. Kg2 Qb7+ 43. Qxb7 1-0

[Event "Liga Madrileña - DH 2017-2018"]
[Site "Madrid ESP"]
[Date "2018.01.21"]
[Round "6.43"]
[White "Moreno Ruiz, Javier"]
[Black "Quispe Arteaga, Gabriel"]
[Result "1/2-1/2"]
[WhiteElo "2443"]
[BlackElo "2273"]
[PlyCount "65"]
[EventDate "2017.11.19"]
[EventType "team-tourn"]
[EventRounds "14"]
[EventCountry "ESP"]
[SourceTitle "Ajedrez en Madrid"]
[Source "lmi"]
[SourceDate "2017.11.19"]
[WhiteTeam "Collado Villalba"]
[BlackTeam "Villaverde"]
[WhiteTeamCountry "ESP"]
[BlackTeamCountry "ESP"]

1. d4 Nf6 2. c4 e6 3. Nc3 Bb4 4. f3 O-O 5. a3 Bxc3+ 6. bxc3 d5 7. cxd5 exd5 8.
e3 Nh5 9. Qc2 Re8 10. g4 Nf6 11. Ne2 c5 12. Bg2 Nc6 13. O-O Be6 14. Nf4 Rc8 15.
Qf2 Na5 16. Rb1 b6 17. h4 cxd4 18. cxd4 Qc7 19. g5 Nd7 20. e4 Nf8 21. Bd2 Nc4
22. Rbc1 Qd7 23. exd5 Bf5 24. Rc3 Ng6 25. Bc1 Nxf4 26. Bxf4 Qxd5 27. Rfc1 b5
28. Bf1 Red8 29. a4 a6 30. axb5 axb5 31. Bxc4 Rxc4 32. Rxc4 bxc4 33. Be5
1/2-1/2

[Event "Liga Madrileña - DH 2017-2018"]
[Site "Madrid ESP"]
[Date "2018.01.21"]
[Round "6.44"]
[White "Iagar, Razvan Gabriel"]
[Black "Rodriguez Cespedes, Amador"]
[Result "1/2-1/2"]
[WhiteElo "2198"]
[BlackElo "2408"]
[PlyCount "47"]
[EventDate "2017.11.19"]
[EventType "team-tourn"]
[EventRounds "14"]
[EventCountry "ESP"]
[SourceTitle "Ajedrez en Madrid"]
[Source "lmi"]
[SourceDate "2017.11.19"]
[WhiteTeam "Villaverde"]
[BlackTeam "Collado Villalba"]
[WhiteTeamCountry "ESP"]
[BlackTeamCountry "ESP"]

1. d4 Nf6 2. c4 e6 3. Nf3 b6 4. g3 Ba6 5. b3 Bb4+ 6. Bd2 Be7 7. Bg2 c6 8. Bc3
d5 9. Ne5 Nfd7 10. Nxd7 Nxd7 11. Nd2 O-O 12. O-O Rc8 13. e4 b5 14. Re1 dxc4 15.
bxc4 bxc4 16. Qa4 Bb5 17. Qc2 e5 18. a4 Ba6 19. Bf1 Bf6 20. dxe5 Nxe5 21. Bxe5
Bxe5 22. Rad1 Qf6 23. Nxc4 Bxc4 24. Qxc4 1/2-1/2

[Event "Liga Madrileña - DH 2017-2018"]
[Site "Madrid ESP"]
[Date "2018.01.21"]
[Round "6.45"]
[White "Martin Duque, Jesus"]
[Black "Garcia Dorado, Alberto"]
[Result "1/2-1/2"]
[WhiteElo "2384"]
[BlackElo "2118"]
[PlyCount "92"]
[EventDate "2017.11.19"]
[EventType "team-tourn"]
[EventRounds "14"]
[EventCountry "ESP"]
[SourceTitle "Ajedrez en Madrid"]
[Source "lmi"]
[SourceDate "2017.11.19"]
[WhiteTeam "Collado Villalba"]
[BlackTeam "Villaverde"]
[WhiteTeamCountry "ESP"]
[BlackTeamCountry "ESP"]

1. e4 e6 2. d4 d5 3. Nd2 c5 4. Ngf3 cxd4 5. exd5 Qxd5 6. Bc4 Qd7 7. O-O Nc6 8.
Nb3 Nf6 9. Nbxd4 Nxd4 10. Nxd4 a6 11. c3 Bc5 12. Bf4 Bxd4 13. cxd4 b5 14. Bb3
Bb7 15. Rc1 Rc8 16. Rxc8+ Qxc8 17. Be5 Qc6 18. f3 O-O 19. Qd2 Nd5 20. Rc1 Qd7
21. h4 Rc8 22. Re1 f6 23. Bg3 g6 24. Kh2 Re8 25. Qa5 Kf7 26. Re2 Rc8 27. Qd2
Kg7 28. Qe1 Kf7 29. a3 Ba8 30. Qd2 Kg7 31. Qa5 Bb7 32. Re1 Kf7 33. Qd2 Kg7 34.
Ba2 Ba8 35. Qd3 Kf7 36. Kg1 Re8 37. Rc1 Rc8 38. Rc5 Ne7 39. Qc3 Bd5 40. Bb1 Bc4
41. Bc2 e5 42. Bf2 exd4 43. Bxd4 Rxc5 44. Bxc5 Nf5 45. Bf2 Bd5 46. Qd2 Qe6
1/2-1/2

[Event "Liga Madrileña - DH 2017-2018"]
[Site "Madrid ESP"]
[Date "2018.01.21"]
[Round "6.46"]
[White "Lopez Andujar Ocaña, Antonio"]
[Black "Ortega Ruiz, Jose Miguel"]
[Result "0-1"]
[WhiteElo "2094"]
[BlackElo "2268"]
[PlyCount "76"]
[EventDate "2017.11.19"]
[EventType "team-tourn"]
[EventRounds "14"]
[EventCountry "ESP"]
[SourceTitle "Ajedrez en Madrid"]
[Source "lmi"]
[SourceDate "2017.11.19"]
[WhiteTeam "Villaverde"]
[BlackTeam "Collado Villalba"]
[WhiteTeamCountry "ESP"]
[BlackTeamCountry "ESP"]

1. c4 e5 2. Nc3 Nf6 3. Nf3 Nc6 4. g3 d5 5. cxd5 Nxd5 6. Bg2 Nb6 7. d3 Be7 8.
O-O O-O 9. a3 Re8 10. Be3 Bf8 11. Rc1 h6 12. Nd2 Nd4 13. Re1 c6 14. Na4 Nd5 15.
Bxd4 exd4 16. Ne4 Bg4 17. Nac5 b6 18. Nb3 c5 19. a4 Qd7 20. a5 Rad8 21. Ned2
Re6 22. Nf3 Rde8 23. Qc2 Nb4 24. Qd2 Rf6 25. Qd1 Bxf3 26. Bxf3 Rxf3 27. exf3
Rxe1+ 28. Qxe1 Nxd3 29. Qe4 Nxc1 30. Nxc1 bxa5 31. Nb3 a4 32. Nd2 Qb5 33. Qc2
Qe2 34. Qc1 d3 35. Kg2 c4 36. Nxc4 Bc5 37. Qd2 Qxd2 38. Nxd2 Bd4 0-1

[Event "Liga Madrileña - DH 2017-2018"]
[Site "Madrid ESP"]
[Date "2018.01.28"]
[Round "7.11"]
[White "Lianes Garcia, Marcos"]
[Black "Pulvett Marin, Daniel"]
[Result "0-1"]
[WhiteElo "2306"]
[BlackElo "2438"]
[PlyCount "58"]
[EventDate "2017.11.19"]
[EventType "team-tourn"]
[EventRounds "14"]
[EventCountry "ESP"]
[SourceTitle "Ajedrez en Madrid"]
[Source "lmi"]
[SourceDate "2017.11.19"]
[WhiteTeam "Villaverde"]
[BlackTeam "Alcorcon"]
[WhiteTeamCountry "ESP"]
[BlackTeamCountry "ESP"]

1. e4 c5 2. Nf3 d6 3. Bb5+ Nc6 4. O-O Bd7 5. Re1 Nf6 6. c3 a6 7. Bf1 Bg4 8. d4
cxd4 9. cxd4 e5 10. d5 Nd4 11. Be2 Nxe2+ 12. Qxe2 Be7 13. h3 Bd7 14. a4 O-O 15.
Nc3 b5 16. Bg5 Qb6 17. Nd2 bxa4 18. Nc4 Qb4 19. Na2 Qb8 20. Nc3 Rc8 21. Nxa4
Bb5 22. b3 Nxd5 23. Bxe7 Nxe7 24. Qd2 Bxc4 25. bxc4 Rxc4 26. Reb1 Qd8 27. Nc3
Rac8 28. Rb3 Nc6 29. Qd5 Rd4 0-1

[Event "Liga Madrileña - DH 2017-2018"]
[Site "Madrid ESP"]
[Date "2018.01.28"]
[Round "7.12"]
[White "Vallejo Diaz, Jesus"]
[Black "Diezma Aganzo, Jose Luis"]
[Result "1-0"]
[WhiteElo "2247"]
[BlackElo "2231"]
[PlyCount "155"]
[EventDate "2017.11.19"]
[EventType "team-tourn"]
[EventRounds "14"]
[EventCountry "ESP"]
[SourceTitle "Ajedrez en Madrid"]
[Source "lmi"]
[SourceDate "2017.11.19"]
[WhiteTeam "Alcorcon"]
[BlackTeam "Villaverde"]
[WhiteTeamCountry "ESP"]
[BlackTeamCountry "ESP"]

1. e4 e5 2. Nf3 Nc6 3. Bc4 Nf6 4. d3 Be7 5. Nbd2 d6 6. c3 O-O 7. h3 Na5 8. Bb5
a6 9. Ba4 b5 10. Bc2 c5 11. g4 Nc6 12. Qe2 d5 13. Nf1 d4 14. Ng3 dxc3 15. bxc3
b4 16. cxb4 Nxb4 17. Bb2 Nd7 18. Nf5 a5 19. O-O Ba6 20. Rfd1 Nxc2 21. Qxc2 Bf6
22. Qd2 Qc7 23. Rac1 Rfe8 24. Kg2 Nf8 25. g5 Bd8 26. Qe3 Ng6 27. Kh1 Rc8 28.
Ba3 Be7 29. Nxe7+ Qxe7 30. Bxc5 Qe6 31. Ng1 Qxa2 32. d4 exd4 33. Bxd4 Qe6 34.
f3 Ne5 35. Rxc8 Rxc8 36. Ba1 f6 37. gxf6 gxf6 38. Bxe5 fxe5 39. Qg5+ Kh8 40.
Rd8+ Rxd8 41. Qxd8+ Kg7 42. Qxa5 Bf1 43. Qe1 Bc4 44. Qg3+ Kf7 45. h4 Bf1 46.
Qf2 Qa6 47. f4 exf4 48. Qxf4+ Qf6 49. Qc7+ Kg6 50. Qg3+ Kf7 51. Nf3 h6 52. Ne5+
Ke6 53. Ng4 Qa1 54. Kh2 Qb2+ 55. Kg1 Bc4 56. Qf4 Qg7 57. Qf5+ Kd6 58. e5+ Ke7
59. Kf2 Be6 60. Qf6+ Qxf6+ 61. Nxf6 Bf5 62. Ke3 Ke6 63. Kf4 Bc2 64. Ng8 h5 65.
Nf6 Bd1 66. Ne4 Ke7 67. Nd6 Ke6 68. Nf5 Bg4 69. Nd4+ Ke7 70. Ke4 Bh3 71. Nf5+
Kf7 72. Kf4 Kg6 73. Nd6 Be6 74. Ke4 Bb3 75. Kd4 Kg7 76. Kc5 Kf8 77. Nf5 Kf7 78.
Kd6 1-0

[Event "Liga Madrileña - DH 2017-2018"]
[Site "Madrid ESP"]
[Date "2018.01.28"]
[Round "7.13"]
[White "Quispe Arteaga, Gabriel"]
[Black "Aguilera Lopez, Alejandro"]
[Result "1-0"]
[WhiteElo "2273"]
[BlackElo "2231"]
[PlyCount "53"]
[EventDate "2017.11.19"]
[EventType "team-tourn"]
[EventRounds "14"]
[EventCountry "ESP"]
[SourceTitle "Ajedrez en Madrid"]
[Source "lmi"]
[SourceDate "2017.11.19"]
[WhiteTeam "Villaverde"]
[BlackTeam "Alcorcon"]
[WhiteTeamCountry "ESP"]
[BlackTeamCountry "ESP"]

1. Nf3 Nf6 2. g3 g6 3. Bg2 Bg7 4. O-O O-O 5. d4 d5 6. c4 c6 7. b3 a5 8. Bb2 a4
9. Nbd2 axb3 10. axb3 Rxa1 11. Qxa1 Na6 12. Ne5 Bf5 13. Nxc6 bxc6 14. Qxa6 Qd7
15. Rc1 Bh6 16. e3 Bh3 17. cxd5 cxd5 18. Ba3 Re8 19. Qc6 Qf5 20. Bxh3 Qxh3 21.
Bxe7 Rxe7 22. Qxf6 Bf8 23. Nf3 Qd7 24. Qc6 Qf5 25. Ne5 Rxe5 26. dxe5 Qxe5 27.
Rd1 1-0

[Event "Liga Madrileña - DH 2017-2018"]
[Site "Madrid ESP"]
[Date "2018.01.28"]
[Round "7.14"]
[White "Prieto Martin, Alfonso"]
[Black "Lopez Andujar Ocaña, Antonio"]
[Result "1-0"]
[WhiteElo "2187"]
[BlackElo "2094"]
[PlyCount "41"]
[EventDate "2017.11.19"]
[EventType "team-tourn"]
[EventRounds "14"]
[EventCountry "ESP"]
[SourceTitle "Ajedrez en Madrid"]
[Source "lmi"]
[SourceDate "2017.11.19"]
[WhiteTeam "Alcorcon"]
[BlackTeam "Villaverde"]
[WhiteTeamCountry "ESP"]
[BlackTeamCountry "ESP"]

1. e4 e5 2. Nf3 Nc6 3. c3 d5 4. Qa4 dxe4 5. Nxe5 Qg5 6. Nxc6 Bd7 7. Qxe4+ Be7
8. Nxe7 Nxe7 9. Qe3 Qg6 10. d4 O-O 11. Qg3 Qc2 12. Na3 Qe4+ 13. Be3 Nf5 14. Qf4
Qd5 15. Bc4 Qxg2 16. O-O-O b5 17. Bd3 Nxe3 18. fxe3 Rfe8 19. Rhg1 Qd5 20. Qf6
g6 21. Bxg6 1-0

[Event "Liga Madrileña - DH 2017-2018"]
[Site "Madrid ESP"]
[Date "2018.01.28"]
[Round "7.15"]
[White "Martin Rodriguez, Emilio"]
[Black "Prada Lopez, Miguel Angel"]
[Result "0-1"]
[WhiteElo "2008"]
[BlackElo "2073"]
[PlyCount "58"]
[EventDate "2017.11.19"]
[EventType "team-tourn"]
[EventRounds "14"]
[EventCountry "ESP"]
[SourceTitle "Ajedrez en Madrid"]
[Source "lmi"]
[SourceDate "2017.11.19"]
[WhiteTeam "Villaverde"]
[BlackTeam "Alcorcon"]
[WhiteTeamCountry "ESP"]
[BlackTeamCountry "ESP"]

1. d4 Nf6 2. Nf3 e6 3. Bg5 c5 4. e3 cxd4 5. exd4 d5 6. Nbd2 Be7 7. Bd3 Nc6 8.
c3 O-O 9. h4 h6 10. Ne5 Qb6 11. b4 Qc7 12. f4 Re8 13. Rh3 Kf8 14. Bb5 a5 15.
Bxc6 bxc6 16. a3 axb4 17. axb4 Ba6 18. Bxf6 Bxf6 19. g4 g5 20. Qf3 Be2 21. Kxe2
Rxa1 22. hxg5 hxg5 23. Rh7 Bg7 24. Kd3 Kg8 25. Rh5 gxf4 26. Qh3 Re1 27. Kc2 Qa7
28. Kb2 Qa1+ 29. Kb3 Qd1+ 0-1

[Event "Liga Madrileña - DH 2017-2018"]
[Site "Madrid ESP"]
[Date "2018.01.28"]
[Round "7.16"]
[White "Nieto Perez, Juan V"]
[Black "Vazquez Gonzalez, Jesus"]
[Result "1/2-1/2"]
[WhiteElo "1909"]
[BlackElo "1991"]
[PlyCount "32"]
[EventDate "2017.11.19"]
[EventType "team-tourn"]
[EventRounds "14"]
[EventCountry "ESP"]
[SourceTitle "Ajedrez en Madrid"]
[Source "lmi"]
[SourceDate "2017.11.19"]
[WhiteTeam "Alcorcon"]
[BlackTeam "Villaverde"]
[WhiteTeamCountry "ESP"]
[BlackTeamCountry "ESP"]

1. Nf3 Nf6 2. d4 d5 3. e3 e6 4. Bd3 Bd6 5. Nbd2 O-O 6. O-O Nbd7 7. Re1 c6 8. e4
dxe4 9. Nxe4 Nxe4 10. Rxe4 Be7 11. c3 b6 12. Bf4 Bb7 13. Re1 c5 14. Be4 Bxe4
15. Rxe4 Nf6 16. Re2 cxd4 1/2-1/2

[Event "Liga Madrileña - DH 2017-2018"]
[Site "Madrid ESP"]
[Date "2018.01.28"]
[Round "7.21"]
[White "Moreno Trujillo, Alejandro"]
[Black "Vazquez Igarza, Renier"]
[Result "0-1"]
[WhiteElo "2493"]
[BlackElo "2565"]
[PlyCount "58"]
[EventDate "2017.11.19"]
[EventType "team-tourn"]
[EventRounds "14"]
[EventCountry "ESP"]
[SourceTitle "Ajedrez en Madrid"]
[Source "lmi"]
[SourceDate "2017.11.19"]
[WhiteTeam "64 Villalba"]
[BlackTeam "Collado Villalba"]
[WhiteTeamCountry "ESP"]
[BlackTeamCountry "ESP"]

1. c4 e5 2. g3 Nf6 3. Bg2 d5 4. cxd5 Nxd5 5. Nc3 Nb6 6. Nf3 Nc6 7. O-O Be7 8.
Rb1 g5 9. d3 g4 10. Nd2 h5 11. Nb3 h4 12. d4 hxg3 13. fxg3 Nxd4 14. Nxd4 exd4
15. Nb5 c6 16. Nxd4 Qd6 17. Qd3 Bd7 18. Qe4 Nd5 19. Nf5 Bxf5 20. Qxf5 Qe6 21.
e4 Bc5+ 22. Kh1 Ne3 23. Qxc5 Nxf1 24. Bxf1 Qxe4+ 25. Kg1 O-O-O 26. Bf4 Rxh2 27.
Kxh2 Rh8+ 28. Kg1 Rh1+ 29. Kf2 Rh2+ 0-1